000 00462nam a22001577a 4500
005 20131217134131.0
007 ARRUPE
008 131217b xxu||||| |||| 00| 0 eng d
040 _aDLC
050 _aDT3192.L66
_bR47 2005
100 _aChakanza, J. C.
_95827
245 _aInitiation rites for boys in Lomwe society in Malawi and other essays
_cChakanza, J. C.
260 _aZomba
_bKachere Series
_c2005
300 _a155p. ;
_c23cm.
942 _2lcc
_cMONOGRAPH
999 _c119303
_d119303